000 01063nam a2200301 i 4500
003 EG-GICUC
005 20260427090011.0
008 260427s1995 u ||||fr|||| 00| 0 ara d
040 _a EG-GICUC
_bara
_c EG-GICUC
_d EG-GICUC
_erda
041 0 _hara
082 0 4 _221
_a345
_bأ ن . و
092 0 4 _221
099 _aLaw1 07 345 أ ن . و 1995
100 0 _aأنور أحمد رسلان
_eمؤلف.
245 1 2 _aالوسيط فى القضاء الادارى /
_cالدكـتور أنور أحمد رسلان.
264 _aالقاهرة :
_bدار النهضة العربية،
_c1995.
300 _a256 ؛ صفحة
_c24 سم.
336 _2rda content
_atext
337 _2rda media
_aComputer
338 _2rda carrier
_aOnline Resource
504 _aيشتمل على ارجاعات ببليوجرافية
546 _aالنص باللغة العربية
650 1 _aالقانون الإداري
_2qrmak
651 1 _2qrmak
856 4 0 _uhttps://fll.law.cu.edu.eg/fulltext/bks/B07-03921.pdf
905 _a47
942 _2ddc
_cBK
_e21
_n0
999 _c73557
_d73557